000
00321nam a22001457a 4500
003
SGT
082
_a
617.643
_b
D23E
100
_a
Ekta
245
_a
Distraction Osteogenesis
260
_a
Gurugram, Haryana
_b
SGT University
_c
2023
300
_a
37
650
_a
Orthodontics
653
_a
Osteogenesis
942
_2
ddc
_c
TH
999
_c
25614
_d
25614